Normal view
MARC view
- Donéa, J.
Entry Personal Name
001 - CONTROL NUMBER
- control field: 1937
003 - CONTROL NUMBER IDENTIFIER
- control field: NUST
005 - DATE AND TIME OF LATEST TRANSACTION
- control field: 20170602122541.0
008 - FIXED-LENGTH DATA ELEMENTS
- fixed length control field: 170602|| aca||aabn | a|a d
040 ## - CATALOGING SOURCE
- Original cataloging agency: NUST
- Transcribing agency: NUST
100 ## - HEADING--PERSONAL NAME
- Personal name: Donéa, J.
- Fuller form of name: (Jean)
670 ## - SOURCE DATA FOUND
- Source citation: Work cat.: (NUST)23703: Donéa, J. (Jean), Finite element methods for flow problems /, c2003.
